[Event "Dortmund op-B"]
[Site "Dortmund"]
[Date "2004.07.31"]
[Round "9"]
[White "Rasputnis, Vadim"]
[Black "Rothmann, Gerhard"]
[Result "1-0"]
[WhiteElo "921"]
[BlackElo "1321"]
[PlyCount "91"]
[EventDate "2004.07.??"]
[EventType "swiss"]
[EventRounds "9"]
[EventCountry "GER"]
[SourceTitle "EXT 2006"]
[Source "ChessBase"]
[SourceDate "2005.11.24"]
[SourceVersion "1"]
[SourceVersionDate "2005.11.24"]
[SourceQuality "1"]

1. e4 b6 2. d4 e6 3. Nc3 Bb7 4. Bb5 c5 5. d5 exd5 6. exd5 Qe7+ 7. Qe2 Qxe2+ 8. Ngxe2 Nf6 9. Bc4 Ba6 10. Bxa6 Nxa6 11. 0-0 Nb4 12. Bg5 Nfxd5 13. Nxd5 Nxd5 14. Rfe1 Be7 15. Nc3 f6 16. Nxd5 fxg5 17. Rxe7+ Kd8 18. Rae1 Kc8 19. Rxg7 Kb7 20. Rxg5 Rhe8 21. Kf1 Kc6 22. Nf6 Re6 23. Rxe6+ dxe6 24. Nxh7 Rh8 25. Rg7 a5 26. h3 Kd5 27. Nf6+ Kc4 28. Rg3 Rd8 29. Ke1 e5 30. h4 e4 31. Nxe4 Rd4 32. f3 b5 33. Nd2+ Kd5 34. h5 Rh4 35. Rh3 Rf4 36. h6 Rf8 37. h7 Rh8 38. Ne4 Kd4 39. Nf6 c4 40. Kd2 b4 41. c3+ bxc3+ 42. bxc3+ Ke5 43. Ng4+ Kf5 44. Nh6+ Kf6 45. g4 Rxh7 46. Ng8+ 1-0

[Event "Dortmund op-B"]
[Site "Dortmund"]
[Date "2004.07.27"]
[Round "5"]
[White "Rasputnis, Vadim"]
[Black "Heyder, Siegfried"]
[Result "1-0"]
[WhiteElo "921"]
[BlackElo "1334"]
[PlyCount "49"]
[EventDate "2004.07.??"]
[EventType "swiss"]
[EventRounds "9"]
[EventCountry "GER"]
[SourceTitle "EXT 2006"]
[Source "ChessBase"]
[SourceDate "2005.11.24"]
[SourceVersion "1"]
[SourceVersionDate "2005.11.24"]
[SourceQuality "1"]

1. e4 c5 2. Nf3 d6 3. d4 cxd4 4. Nxd4 a6 5. Nc3 e5 6. Nf3 Nf6 7. Bg5 Be7 8. Bc4 Nbd7 9. 0-0 Rb8 10. Bxf6 Nxf6 11. Re1 b5 12. Bb3 h6 13. Qd2 0-0 14. Rad1 Kh8 15. h3 Nh5 16. Re3 f5 17. Rd3 Nf4 18. Re3 Qe8 19. Nd5 fxe4 20. Rxe4 Qg6 21. Rxf4 Qxg2+ 22. Kxg2 exf4 23. Nxe7 Bb7 24. Ng6+ Kh7 25. Nxf8+ 1-0